000 00672nam a2200205Ia 4500
003 GCL
008 140319s9999 xx 000 0 ara d
040 _aGCL /
_cGCL
082 0 4 _a254.1
_bت ت
100 1 _aالتجانى, ابو عبدالله محمد
245 1 0 _aتحفة العروس ونزهة النفوس /
_cالتجانى, ابو عبدالله محمد
260 _a[S.N] :
_bمكتبة التراث الاسلامى ،
_c1987
300 _a474 ص
490 _a
650 0 4 _aالزواج
650 0 4 _aالعلاقات الاسرية
650 0 4 _aالزفاف
650 0 4 _aالزواج ( الشريعة الاسلامية )
942 _2ddc
_cBK
999 _c31032
_d31032